Gandhi (Record no. 16969)
[ view plain ]
| 000 -LEADER | |
|---|---|
| fixed length control field | 03186ngm a2200481 4500 |
| 003 - CONTROL NUMBER IDENTIFIER | |
| control field | dpl |
| 005 - DATE AND TIME OF LATEST TRANSACTION | |
| control field | 20080723110517.0 |
| 007 - PHYSICAL DESCRIPTION FIXED FIELD--GENERAL INFORMATION | |
| fixed length control field | DVD |
| 008 - FIXED-LENGTH DATA ELEMENTS--GENERAL INFORMATION | |
| fixed length control field | ||||||sp199 xxu|||||c|||| 00| 0 eng d |
| 010 ## - LIBRARY OF CONGRESS CONTROL NUMBER | |
| LC control number | DVD-000719-721 & DVD-004595-4600 |
| 024 ## - OTHER STANDARD IDENTIFIER | |
| Standard number or code | DDVD 001 |
| Terms of availability | 499.00 |
| 035 ## - SYSTEM CONTROL NUMBER | |
| System control number | DVD-000719-721 |
| 035 ## - SYSTEM CONTROL NUMBER | |
| System control number | DVD-004595-4600 |
| 040 ## - CATALOGING SOURCE | |
| Original cataloging agency | DPL |
| Transcribing agency | DPL |
| 082 ## - DEWEY DECIMAL CLASSIFICATION NUMBER | |
| Classification number | DVD / GAND |
| 245 ## - TITLE STATEMENT | |
| Title | Gandhi |
| Statement of responsibility, etc | National Education & Information Films Presents |
| Medium | [videorecording] DVD/ |
| 260 ## - PUBLICATION, DISTRIBUTION, ETC. (IMPRINT) | |
| Name of publisher, distributor, etc | Discover Video & Laser Co. |
| Place of publication, distribution, etc | Mumbai |
| 300 ## - PHYSICAL DESCRIPTION | |
| Extent | 1 videodisc DVD; (188 min.) : |
| Other physical details | sd., col. ; |
| Dimensions | 4 3/4 in. |
| Type of unit | DVD |
| 440 ## - SERIES STATEMENT/ADDED ENTRY--TITLE | |
| Title | Discovery Video & Laser Co. |
| 500 ## - GENERAL NOTE | |
| General note | Academy Awards Winner including the "Best Picture " 1982 |
| 500 ## - GENERAL NOTE | |
| General note | There are very few movies that absolutely must be seen. Sir Richard Attenborough's Gandhi is one of them. |
| 538 ## - SYSTEM DETAILS NOTE | |
| System details note | Dolby Digital 5.1-Hindi Subtitles: English |
| 538 ## - SYSTEM DETAILS NOTE | |
| System details note | Aspect Ratio: 2.35:1, Presentation type: Wide Screne, Presentation Size 4x3, Format DVD 9 Dual Layer Single Sided Disc. |
| 650 ## - SUBJECT ADDED ENTRY--TOPICAL TERM | |
| Topical term or geographic name as entry element | Mothin Picture |
| 700 ## - ADDED ENTRY--PERSONAL NAME | |
| Personal name | Kingsley, Ben |
| 700 ## - ADDED ENTRY--PERSONAL NAME | |
| Personal name | Attenborough, Richard |
| 700 ## - ADDED ENTRY--PERSONAL NAME | |
| Personal name | Bergen, Candice |
| 700 ## - ADDED ENTRY--PERSONAL NAME | |
| Personal name | Fox, Edward |
| 700 ## - ADDED ENTRY--PERSONAL NAME | |
| Personal name | Gielgud, John |
| 700 ## - ADDED ENTRY--PERSONAL NAME | |
| Personal name | Howard, Trevor |
| 942 ## - ADDED ENTRY ELEMENTS (KOHA) | |
| Koha item type | CD-ROMs, DVDs, VHS |
| Source of classification or shelving scheme | Dewey Decimal Classification |
| Classification part | DVD |
| Call number suffix | GAND |
| Withdrawn status | Lost status | Source of classification or shelving scheme | Damaged status | Not for loan | Home library | Current library | Date acquired | Source of acquisition | Cost, normal purchase price | Total Checkouts | Total Renewals | Full call number | Barcode | Date last seen | Date checked out | Copy number | Cost, replacement price | Price effective from | Koha item type |
|---|---|---|---|---|---|---|---|---|---|---|---|---|---|---|---|---|---|---|---|
| Dewey Decimal Classification | Central Library | Central Library | 21/10/2008 | Purchase | 499.00 | 59 | 2 | DVD GAND | DVD-000719 | 07/04/2018 | 11/01/2018 | 1 | 499.00 | 21/10/2008 | CD-ROMs, DVDs, VHS | ||||
| Dewey Decimal Classification | Janak Puri | Janak Puri | 13/11/2009 | Pioneers/885/29-10-09/325/13-10-09 /06-11-09 | 499.00 | 13 | 1 | DVD GAND | DVD-004595 | 11/03/2013 | 27/02/2013 | 1 | 499.00 | 13/11/2009 | CD-ROMs, DVDs, VHS | ||||
| Dewey Decimal Classification | Karol Bagh | Karol Bagh | 13/11/2009 | Pioneers/885/29-10-09/325/13-10-09 /06-11-09 | 499.00 | 16 | DVD GAND | DVD-004598 | 13/11/2014 | 10/11/2014 | 1 | 499.00 | 13/11/2009 | CD-ROMs, DVDs, VHS | |||||
| Dewey Decimal Classification | Narela | Narela | 13/11/2009 | Pioneers/885/29-10-09/325/13-10-09 /06-11-09 | 499.00 | 6 | DVD GAND | DVD-004599 | 21/02/2014 | 06/02/2014 | 1 | 499.00 | 13/11/2009 | CD-ROMs, DVDs, VHS | |||||
| Dewey Decimal Classification | Patel Nagar | Patel Nagar | 21/10/2008 | Purchase | 499.00 | 22 | DVD GAND | DVD-000721 | 03/08/2011 | 03/08/2011 | 1 | 499.00 | 21/10/2008 | CD-ROMs, DVDs, VHS | |||||
| Dewey Decimal Classification | R.K.Puram-8 | R.K.Puram-8 | 13/11/2009 | Pioneers/885/29-10-09/325/13-10-09 /06-11-09 | 499.00 | DVD GAND | DVD-004596 | 13/11/2009 | 1 | 499.00 | 13/11/2009 | CD-ROMs, DVDs, VHS | |||||||
| Dewey Decimal Classification | Sarojini Nagar | Sarojini Nagar | 21/10/2008 | Purchase | 499.00 | 35 | 3 | DVD GAND | DVD-000720 | 19/09/2016 | 03/09/2016 | 1 | 499.00 | 21/10/2008 | CD-ROMs, DVDs, VHS | ||||
| Dewey Decimal Classification | Shahdara Branch | Shahdara Branch | 13/11/2009 | Pioneers/885/29-10-09/325/13-10-09 /06-11-09 | 499.00 | 1 | 2 | DVD GAND | DVD-004600 | 04/06/2020 | 31/01/2020 | 1 | 499.00 | 13/11/2009 | CD-ROMs, DVDs, VHS | ||||
| Dewey Decimal Classification | Vinoba Puri | Vinoba Puri | 13/11/2009 | Pioneers/885/29-10-09/325/13-10-09 /06-11-09 | 499.00 | 11 | DVD GAND | DVD-004597 | 27/08/2015 | 13/08/2015 | 1 | 499.00 | 13/11/2009 | CD-ROMs, DVDs, VHS |
